| 000 | 00476nam a22001577a 4500 | ||
|---|---|---|---|
| 005 | 20250213093717.0 | ||
| 008 | 250213b |||||||| |||| 00| 0 eng d | ||
| 020 | _a0852973462 | ||
| 050 |
_aHG3881 _bINT |
||
| 245 |
_aInternational finance and investment; _bmultinational corporate banking _cedited Brian J. Terry |
||
| 250 | _a3rd | ||
| 260 |
_aLondon _bThe Chartered Institute of bankers _cc1994 |
||
| 300 | _axxxvi, 876p | ||
| 700 | _aed. Brian J. Terry | ||
| 942 |
_2lcc _cBK _n0 |
||
| 999 |
_c3827 _d3827 |
||